Tìm hiểu nghệ thuật kinh doanh Marketing /
Sparad:
| Huvudupphovsman: | |
|---|---|
| Övriga upphovsmän: | , |
| Materialtyp: | Sách giấy |
| Språk: | Vietnamese |
| Publicerad: |
Hà Nội :
Licosa ,
1988
|
| Taggar: |
Lägg till en tagg
Inga taggar, Lägg till första taggen!
|
| Thư viện lưu trữ: | Thư viện Trường Đại học Đà Lạt |
|---|
| LEADER | 00680nam a2200289 4500 | ||
|---|---|---|---|
| 001 | DLU020015289 | ||
| 005 | ##8/9/2000 | ||
| 020 | # | # | |a 978- |
| 041 | # | # | |a vie |
| 082 | # | # | |a 658.8 |b Tim |
| 090 | # | # | |a 658.8 |b Tim |
| 100 | # | # | |a Trần Đình Áp |
| 245 | # | # | |a Tìm hiểu nghệ thuật kinh doanh Marketing / |c Trần Đình Áp, Mai Huy Tân. |
| 260 | # | # | |a Hà Nội : |b Licosa , |c 1988 |
| 300 | # | # | |a 195 tr.; |c 19 cm. |
| 700 | # | # | |a Mai Huy Tân |
| 700 | # | # | |a Mai Huy Tân. |
| 992 | # | # | |a 4600 |
| 994 | # | # | |a DLU |
| 900 | # | # | |a False |
| 911 | # | # | |a Administrator |
| 925 | # | # | |a G |
| 926 | # | # | |a A |
| 927 | # | # | |a SH |
| 980 | # | # | |a Thư viện Trường Đại học Đà Lạt |